84 Insect names - Statistics

General Stats
  • This quiz has been taken 22 times
    11 since last reset
  • The average score is 2 of 83
Answer Stats
Insect common names % Correct
Dragonfly
64%
Cockroach
18%
Grasshopper
18%
Housefly
18%
Locust
18%
Yellowjacket
18%
Damselfly
9%
Dung beetle
9%
Ambrosia beetle
0%
Army ant
0%
Bark mantis
0%
Bat bug
0%
Bat fly
0%
Birdwing
0%
Blister beetle
0%
Blue darner
0%
Blue-green mealybugs
0%
Bombardier beetle
0%
Bookworm
0%
Boxer mantis
0%
Canna leaf roller
0%
Cantharoid beetles
0%
Cardinal beetle
0%
Clothes moth
0%
Cockchafer
0%
Cuckoo bee
0%
Cucumber beetle
0%
Cutworm
0%
Dead leaf mantis
0%
Elm bark beetle
0%
Field cricket
0%
Fig wasp
0%
Flightless fruit fly
0%
Flour beetle
0%
Flower mantis
0%
Fungus gnat
0%
Glowworm
0%
Gnat
0%
Grass bagworm
0%
Grass mantis
0%
Green bottle fly
0%
Ground mantis
0%
Guava moth
0%
Harvester ant
0%
Holly leaf miner
0%
Jack jumper ant
0%
Kelp fly
0%
Leaf mantis
0%
Leaf-mimic katydid
0%
Maguey worm
0%
Mezcal worm
0%
Midge
0%
Mud dauber
0%
Mushroom-feeding Drosophila
0%
Nairobi fly
0%
Orange blister beetle
0%
Paper wasp
0%
Pinion (moth)
0%
Pollen beetle
0%
Rat flea
0%
Rat-tailed maggot
0%
Red-bodied swallowtail
0%
Sandfly
0%
Seed fly
0%
Shield mantis
0%
Silkworm
0%
Spotted pine sawyer
0%
Spruce bark beetle
0%
Spruce sawflies
0%
Squash bee
0%
Stick mantis
0%
Toktokkies
0%
Twig-borer
0%
Twigborer
0%
Uzi fly
0%
Water beetle
0%
Waxworm
0%
Wēkiu bug
0%
Wētā
0%
Wheat fly
0%
White flannel moth
0%
Witchetty grub
0%
Woodworm
0%
No matching quizzes found
Score Distribution
Percent of People with Each Score
Percentile by Number Answered
Your Score History
You have not taken this quiz since the last reset